Score 0/30 Timer 04:00
2 Plays Today
% Correct
Corn
96.6%
Carrot
96.2%
Potato
95.7%
Onion
95.5%
Broccoli
93.6%
Garlic
91%
Lettuce
87.9%
Asparagus
87.8%
Yam
87.7%
Cabbage
87.3%
Celery
85.1%
Radish
82.8%
Cauliflower
82.6%
Ginger
82.4%
Brussels Sprouts
81.3%
% Correct
Green Beans
80.3%
Artichoke
73.9%
Turnip
70.6%
Leek
65.5%
Spinach
64.5%
Parsnip
57.3%
Bok Choy
42.6%
Rhubarb
42.4%
Fennel
32.9%
Rutabaga
32.9%
Broccolini
30.9%
Endive
30.8%
Watercress
17.7%
Radicchio
17%
Kohlrabi
11.8%
Remove Ads.
Support Sporcle.
Get the best of Sporcle when you Go Orange. This ad-free experience offers more features, more stats, and more fun while also helping to support Sporcle. Thank you for becoming a member.

You're not logged in!

Compare scores with friends on all Sporcle quizzes.
OR
Log In

Show Comments

Extras

Top Quizzes Today


Score Distribution

Your Account Isn't Verified!

In order to create a playlist on Sporcle, you need to verify the email address you used during registration. Go to your Sporcle Settings to finish the process.

Report this User

Report this user for behavior that violates our Community Guidelines.

Details: